000
00249nam a2200097Ia 4500
001
1250577
005
20251031150858.0
008
251031s9999 xx 000 0 und d
245
0
_c
FUNDA UÇUK ER
_a
B-3 ASUDE BAHÇE
260
_b
CEZVE KİTAP YAYINLARI
999
_c
1250577
_d
1250577